000 01285nam a2200373 i 4500
001 3966
003 KOSZ 005
005 20220318102915.0
008 970904s1989 pl a f f |001 0 pol
015 _aPB 82/90
020 _a8301065265
020 _a8301065273
040 _aWA N
_cKOSZ 005/HR
_dKOSZ 005/HR
046 _k1989
080 _a624.01/.07:531
080 _a(075.8)
100 1 _aDyląg, Zdzisław
_d(1923-2015)
_eAutor
245 1 0 _aMechanika budowli.
_nT. 1 /
_cZdzisław Dyląg, Eugenia Krzemińska-Niemiec, Franciszek Filip.
250 _a[Wyd. 4 zm.].
260 _aWarszawa :
_bPaństwowe Wydawnictwo Naukowe,
_c1989.
300 _a798, [1] s., [1] k. tabl. :
_brys., wykr. ;
_c24 cm.
380 _aKsiążki
380 _aPublikacje dydaktyczne
388 _a1901-
504 _aBibliogr. s. 784-790. - Indeks.
521 _aPodręcznik dla studentów wyższych szkół technicznych.
658 _aArchitektura i budownictwo
655 4 _aPodręczniki akademickie
650 4 _aMechanika budowli
700 1 _aKrzemińska-Niemiec, Eugenia
_eAutor
700 1 _aFilip, Franciszek
_eAutor
856 _uhttp://koha.tu.koszalin.pl/cgi-bin/koha/opac-detail.pl?biblionumber=3966
_yKatalog online BPK
942 _2UKD
_cKS
999 _c3966
_d3966